[Event "Wch Blitz (Women)"]
[Site "Moscow"]
[Date "2019.12.30"]
[Round "10"]
[White "Ovezdurdiyeva, Jemal"]
[Black "Shumilina, Alexandra"]
[Result "0-1"]
[WhiteElo "2061"]
[BlackElo "2210"]
[PlyCount "69"]
[EventDate "2019.12.29"]
[EventType "swiss (blitz)"]
[EventRounds "17"]
[EventCountry "RUS"]
[SourceTitle "CBM 193 Extra"]
[Source "ChessBase"]
[SourceDate "2020.01.31"]
[SourceVersion "1"]
[SourceVersionDate "2020.01.31"]
[SourceQuality "1"]

1. d4 d5 2. c4 c6 3. Nf3 Nf6 4. e3 a6 5. Bd3 b5 6. b3 Bg4 7. Nbd2 e6 8. Qc2 Nbd7 9. Bb2 Be7 10. 0-0 Bh5 11. Ne5 Nxe5 12. dxe5 Nd7 13. e4 dxc4 14. Bxc4 bxc4 15. Qxc4 c5 16. h3 Nb6 17. Qc2 Be2 18. Rfe1 Qd3 19. Qxd3 Bxd3 20. Re3 Bb5 21. a4 Bc6 22. a5 Nd7 23. Nc4 0-0 24. f4 Rab8 25. f5 Bg5 26. Re2 Rxb3 27. Rd1 Bb5 28. Rc2 Bf4 29. Nd6 Bxe5 30. Nxb5 Rxb5 31. Ba3 Nf6 32. Rxc5 Rxc5 33. Bxc5 Rc8 34. Bb6 h5 35. Re1 0-1

[Event "Wch Blitz (Women)"]
[Site "Moscow"]
[Date "2019.12.30"]
[Round "16"]
[White "Shumilina, Alexandra"]
[Black "Paramzina, Anastasya"]
[Result "1-0"]
[WhiteElo "2210"]
[BlackElo "2224"]
[PlyCount "65"]
[EventDate "2019.12.29"]
[EventType "swiss (blitz)"]
[EventRounds "17"]
[EventCountry "RUS"]
[SourceTitle "CBM 193 Extra"]
[Source "ChessBase"]
[SourceDate "2020.01.31"]
[SourceVersion "1"]
[SourceVersionDate "2020.01.31"]
[SourceQuality "1"]

1. e4 c5 2. c3 g6 3. Nf3 Bg7 4. Bd3 Nc6 5. Bc2 e5 6. d3 d5 7. 0-0 Nge7 8. Re1 0-0 9. a4 d4 10. Na3 b6 11. Nc4 a6 12. cxd4 cxd4 13. Bd2 Rb8 14. b4 a5 15. b5 Nb4 16. Bxb4 axb4 17. Rb1 f5 18. exf5 Nd5 19. Nfxe5 Qg5 20. Nc6 Bb7 21. Qf3 Rbe8 22. Qxd5+ Kh8 23. Rxe8 Rxe8 24. Qd7 Rf8 25. Qxb7 gxf5 26. Nxb4 f4 27. Qf3 Re8 28. Nd2 Qe7 29. Ne4 Be5 30. h3 Bd6 31. Nc6 Qd7 32. Qg4 Qf7 33. Nxd6 1-0

[Event "Wch Blitz (Women)"]
[Site "Moscow"]
[Date "2019.12.29"]
[Round "8"]
[White "Galliamova, Alisa"]
[Black "Shumilina, Alexandra"]
[Result "1-0"]
[WhiteElo "2438"]
[BlackElo "2210"]
[PlyCount "104"]
[EventDate "2019.12.29"]
[EventType "swiss (blitz)"]
[EventRounds "17"]
[EventCountry "RUS"]
[SourceTitle "CBM 193 Extra"]
[Source "ChessBase"]
[SourceDate "2020.01.31"]
[SourceVersion "1"]
[SourceVersionDate "2020.01.31"]
[SourceQuality "1"]

1. d4 d5 2. c4 c6 3. Nc3 Nf6 4. e3 a6 5. Nf3 b5 6. b3 Bg4 7. Be2 e6 8. 0-0 Nbd7 9. Bb2 Qb8 10. Rb1 Bd6 11. h3 Bh5 12. Ba1 0-0 13. Nd2 Bxe2 14. Qxe2 Bb4 15. e4 Bxc3 16. Bxc3 dxe4 17. Nxe4 Qf4 18. Ng3 Rfe8 19. Rbd1 Rad8 20. Rd3 bxc4 21. bxc4 c5 22. Rfd1 Qc7 23. dxc5 Nxc5 24. Rxd8 Rxd8 25. Bxf6 gxf6 26. Rxd8+ Qxd8 27. Qg4+ Kf8 28. Qh4 Ke7 29. Nh5 Qd1+ 30. Kh2 Qa1 31. a3 Qe5+ 32. Ng3 Nd3 33. Qxh7 Nxf2 34. Qc2 Qf4 35. c5 Nh1 36. Kxh1 Qxg3 37. c6 Qe1+ 38. Kh2 Qe5+ 39. g3 Qc7 40. Qc5+ Ke8 41. h4 f5 42. Kg2 f4 43. g4 e5 44. Kf3 f6 45. Ke4 Kf7 46. h5 Kg7 47. Qd5 Qb6 48. Qd7+ Kh6 49. Kf5 f3 50. Qd2+ Kh7 51. Qd7+ Kh6 52. Kxf6 Qd8+ 1-0

[Event "Wch Blitz (Women)"]
[Site "Moscow"]
[Date "2019.12.29"]
[Round "6"]
[White "Shumilina, Alexandra"]
[Black "Belenkaya, Dina"]
[Result "1/2-1/2"]
[WhiteElo "2210"]
[BlackElo "2298"]
[PlyCount "162"]
[EventDate "2019.12.29"]
[EventType "swiss (blitz)"]
[EventRounds "17"]
[EventCountry "RUS"]
[SourceTitle "CBM 193 Extra"]
[Source "ChessBase"]
[SourceDate "2020.01.31"]
[SourceVersion "1"]
[SourceVersionDate "2020.01.31"]
[SourceQuality "1"]

1. e4 d5 2. exd5 Qxd5 3. Nc3 Qa5 4. d4 c6 5. Nf3 Bf5 6. Bc4 e6 7. 0-0 Nf6 8. Qe2 Be7 9. Ne5 0-0 10. h3 b5 11. Bb3 Rd8 12. Be3 Qc7 13. Rad1 Nbd7 14. Bf4 Bd6 15. Bg3 Nb6 16. Rfe1 a5 17. a3 h6 18. Qf3 Rac8 19. a4 b4 20. Nb1 Nbd5 21. c4 bxc3 22. bxc3 Rb8 23. c4 Nb4 24. Nc3 Qb7 25. c5 Bxe5 26. dxe5 Nfd5 27. Bc4 Qa7 28. Bh4 Rd7 29. Ne4 Bxe4 30. Qxe4 Qxc5 31. Rc1 Qa7 32. Kh2 c5 33. f4 Nc6 34. Bf2 Nd4 35. Red1 Nb4 36. Bb5 Rd5 37. Bxd4 cxd4 38. Bc4 Rdd8 39. f5 exf5 40. Qxf5 Qe7 41. Rf1 Rb7 42. e6 f6 43. Qxa5 d3 44. Kh1 d2 45. Rcd1 Nc2 46. Rf2 Rb2 47. Rfxd2 Rxd2 48. Rxd2 Ne3 49. Qa8+ Kh7 50. Qe4+ f5 51. Qxe3 Rb1+ 52. Kh2 Qc7+ 53. Qg3 Qxc4 54. e7 Qe6 55. Qh4 Qe5+ 56. g3 Re1 57. Qc4 Qxe7 58. Qb5 Qe3 59. Rg2 Qe4 60. a5 Ra1 61. Qc5 Qe6 62. Qb5 h5 63. Rf2 g6 64. Qb7+ Kh6 65. Qb2 Rxa5 66. Qd2+ f4 67. Qxa5 Qe3 68. Qd2 Qxg3+ 69. Kh1 Qxh3+ 70. Kg1 Qg3+ 71. Rg2 Qf3 72. Rf2 Qg3+ 73. Kf1 Qh3+ 74. Ke1 Qh1+ 75. Ke2 Qe4+ 76. Kd1 Qb1+ 77. Qc1 Qd3+ 78. Qd2 Qb1+ 79. Qc1 Qd3+ 80. Ke1 Qe4+ 81. Kd1 Qd3+ 1/2-1/2

[Event "Wch Blitz (Women)"]
[Site "Moscow"]
[Date "2019.12.29"]
[Round "5"]
[White "Shumilina, Alexandra"]
[Black "Bogumil, Tatiana"]
[Result "1/2-1/2"]
[WhiteElo "2210"]
[BlackElo "2182"]
[PlyCount "103"]
[EventDate "2019.12.29"]
[EventType "swiss (blitz)"]
[EventRounds "17"]
[EventCountry "RUS"]
[SourceTitle "CBM 193 Extra"]
[Source "ChessBase"]
[SourceDate "2020.01.31"]
[SourceVersion "1"]
[SourceVersionDate "2020.01.31"]
[SourceQuality "1"]

1. e4 g6 2. d4 Bg7 3. Be3 d6 4. f3 c6 5. c4 Nd7 6. Nc3 Qa5 7. Qd2 c5 8. Nge2 cxd4 9. Nxd4 a6 10. Be2 Ne5 11. 0-0 Nc6 12. Nxc6 bxc6 13. Bd4 Nf6 14. Kh1 0-0 15. Rfd1 Qc7 16. Rac1 Rb8 17. b3 c5 18. Be3 Re8 19. Bd3 Bb7 20. Qf2 Bc6 21. e5 Nd7 22. exd6 exd6 23. Be4 Nf6 24. Bxc6 Qxc6 25. Nd5 Nxd5 26. Rxd5 Re6 27. h3 Rbe8 28. Rd3 Be5 29. Rcd1 a5 30. Qc2 Bg3 31. Qd2 a4 32. Bf4 Bxf4 33. Qxf4 axb3 34. axb3 Qa6 35. Rxd6 Rxd6 36. Qxd6 Qa2 37. Qd2 Qxb3 38. Re1 Rxe1+ 39. Qxe1 Qxc4 40. Qe8+ Kg7 41. Qe5+ Kg8 42. Qe8+ Kg7 43. Qe5+ f6 44. Qe7+ Kh6 45. Qe3+ g5 46. Qe7 Qc1+ 47. Kh2 Qf4+ 48. Kh1 Qe5 49. Qf8+ Kg6 50. Qg8+ Kh6 51. Qf8+ Kg6 52. Qg8+ 1/2-1/2

[Event "Wch Blitz (Women)"]
[Site "Moscow"]
[Date "2019.12.29"]
[Round "3"]
[White "Shumilina, Alexandra"]
[Black "Zatonskih, Anna"]
[Result "1/2-1/2"]
[WhiteElo "2210"]
[BlackElo "2420"]
[PlyCount "92"]
[EventDate "2019.12.29"]
[EventType "swiss (blitz)"]
[EventRounds "17"]
[EventCountry "RUS"]
[SourceTitle "CBM 193 Extra"]
[Source "ChessBase"]
[SourceDate "2020.01.31"]
[SourceVersion "1"]
[SourceVersionDate "2020.01.31"]
[SourceQuality "1"]

1. e4 e6 2. d4 d5 3. Nc3 dxe4 4. Nxe4 Nd7 5. Nf3 Ngf6 6. Bd3 Nxe4 7. Bxe4 Nf6 8. Bg5 Qd6 9. Bxf6 gxf6 10. 0-0 Bg7 11. Qe2 0-0 12. c3 Rb8 13. Rad1 c6 14. Rfe1 b6 15. Nd2 Bb7 16. Nc4 Qc7 17. Bf3 Ba6 18. b3 Rfd8 19. Qe4 Bb7 20. Qh4 c5 21. Bxb7 Qxb7 22. dxc5 bxc5 23. Qf4 f5 24. Qe3 Qc7 25. g3 Bf6 26. h4 Kg7 27. h5 h6 28. Qf3 Kh7 29. Qe3 Kg7 30. Qf3 Bg5 31. Qe2 Qc6 32. Ne5 Qb7 33. Qc4 Bf6 34. Nd3 Qf3 35. Rd2 Qxh5 36. Qxc5 Rbc8 37. Qe3 Bxc3 38. Nf4 Qg5 39. Rxd8 Qxd8 40. Rc1 Bf6 41. Rxc8 Qxc8 42. Qxa7 Qc1+ 43. Kg2 Qc6+ 44. Kg1 Qc1+ 45. Kg2 Qc6+ 46. Kg1 Qc1+ 1/2-1/2

[Event "RUS-chT blitz"]
[Site "Sochi"]
[Date "2015.05.10"]
[Round "11.36"]
[White "Payanidi, Janis"]
[Black "Shumilina, Alexandra"]
[Result "1-0"]
[WhiteElo "2252"]
[BlackElo "2238"]
[PlyCount "183"]
[EventDate "2015.05.10"]
[EventType "team-swiss (blitz)"]
[EventRounds "11"]
[EventCountry "RUS"]
[SourceTitle "CBM 166 Extra"]
[Source "ChessBase"]
[SourceDate "2015.06.18"]
[SourceVersion "1"]
[SourceVersionDate "2015.06.18"]
[SourceQuality "1"]
[WhiteTeam "Moscow Youth"]
[BlackTeam "Kstovo Volga"]
[WhiteTeamCountry "RUS"]
[BlackTeamCountry "RUS"]

1. a3 e5 2. c4 g6 3. Nc3 Bg7 4. g3 d6 5. Bg2 f5 6. d3 Nf6 7. e3 0-0 8. Nge2 c6 9. 0-0 Be6 10. b3 Nbd7 11. Bb2 d5 12. cxd5 cxd5 13. d4 e4 14. a4 a6 15. Ba3 Re8 16. Rc1 Rc8 17. Na2 g5 18. Rxc8 Qxc8 19. Qc1 Qb8 20. Qd2 Nf8 21. Qb4 Ng6 22. Qd6 Qxd6 23. Bxd6 Rc8 24. Rc1 Rxc1+ 25. Naxc1 Kf7 26. b4 Bd7 27. a5 Ke6 28. Bc5 Bc6 29. Nc3 Nd7 30. Nb3 Bf6 31. Bf1 Bd8 32. b5 axb5 33. Bxb5 Nxc5 34. Nxc5+ Kd6 35. a6 bxa6 36. Bxa6 Ba5 37. N3a4 Bb4 38. Be2 Ne7 39. Ba6 Ng8 40. Kg2 h6 41. Bc8 Ne7 42. Ba6 Kc7 43. h3 Kd6 44. Kh2 Kc7 45. Kg2 Kd6 46. Kh2 f4 47. gxf4 gxf4 48. Kg2 fxe3 49. fxe3 Nf5 50. Kf2 Bd2 51. Bc8 Nxe3 52. Ke2 Nc4 53. Ba6 Bb4 54. Bxc4 dxc4 55. Ke3 c3 56. Ke2 Kd5 57. Ke3 c2 58. Nb6+ Kd6 59. Nb3 Ba5 60. Nc4+ Ke6 61. Ncxa5 Bd5 62. Kd2 Kf5 63. Kxc2 Kf4 64. Kd2 e3+ 65. Ke2 Bf3+ 66. Ke1 Bg2 67. h4 Bf3 68. Nc5 Kg3 69. Nc4 e2 70. Ne5 Bd5 71. h5 Kh4 72. Ng6+ Kg5 73. Nd3 Be4 74. Ndf4 Bf3 75. Kf2 Be4 76. Kxe2 Bf5 77. Ke3 Bg4 78. Kd3 Bf5+ 79. Kc4 Bg4 80. d5 Bf5 81. Kc5 Kf6 82. d6 Bg4 83. Kc6 Kg5 84. d7 Bxd7+ 85. Kxd7 Kf6 86. Ke8 Kg7 87. Ke7 Kh7 88. Nf8+ Kg7 89. N8e6+ Kh7 90. Nd4 Kg7 91. Nf5+ Kh7 92. Kf6 1-0

[Event "RUS-chT blitz"]
[Site "Sochi"]
[Date "2015.05.10"]
[Round "1.28"]
[White "Predke, Alexandr"]
[Black "Shumilina, Alexandra"]
[Result "1-0"]
[WhiteElo "2533"]
[BlackElo "2238"]
[PlyCount "159"]
[EventDate "2015.05.10"]
[EventType "team-swiss (blitz)"]
[EventRounds "11"]
[EventCountry "RUS"]
[SourceTitle "CBM 166 Extra"]
[Source "ChessBase"]
[SourceDate "2015.06.18"]
[SourceVersion "1"]
[SourceVersionDate "2015.06.18"]
[SourceQuality "1"]
[WhiteTeam "Samara Ladya"]
[BlackTeam "Kstovo Volga"]
[WhiteTeamCountry "RUS"]
[BlackTeamCountry "RUS"]

1. e4 c5 2. Nf3 d6 3. d4 cxd4 4. Nxd4 Nf6 5. Nc3 a6 6. Be2 e5 7. Nb3 Be7 8. Be3 0-0 9. g4 Be6 10. g5 Nfd7 11. Qd2 b5 12. h4 Nb6 13. Nd5 Bxd5 14. exd5 N8d7 15. Na5 f5 16. gxf6 Bxf6 17. Nc6 Qe8 18. 0-0-0 Kh8 19. Qb4 Be7 20. h5 Na4 21. Qg4 Nac5 22. b4 Nf6 23. Qg2 Na4 24. Rd3 e4 25. Rd2 Nc3 26. h6 g6 27. Bd4 Ncxd5 28. Nxe7 Qxe7 29. Qg5 Kg8 30. Bb2 Nxb4 31. a3 Nc6 32. Rhd1 Rad8 33. Kb1 Na5 34. f3 e3 35. Rd3 Nc4 36. Bc1 Rfe8 37. Rd4 Nd7 38. Qd5+ Qf7 39. Bxc4 bxc4 40. Qxf7+ Kxf7 41. Rxc4 Rb8+ 42. Ka2 Ne5 43. Rf4+ Ke6 44. Bxe3 Rbc8 45. Rd2 Rc6 46. Bd4 Rec8 47. c3 R8c7 48. Re2 Kd5 49. Rd2 Ke6 50. Re2 Kd5 51. Rf8 Nc4 52. f4 Rb7 53. f5 gxf5 54. Rxf5+ Ne5 55. Rg5 Re7 56. Rg7 Rcc7 57. Rg5 Rb7 58. Rh2 Kc4 59. Rhg2 Nf3 60. Bf6 Rf7 61. R5g4+ Kd3 62. Bg7 Ne5 63. R4g3+ Ke4 64. Re2+ Kf4 65. Rg1 Nf3 66. Rf1 Kg3 67. Re3 Kg2 68. Rc1 Rfe7 69. Rc2+ Kg3 70. Rd3 Rf7 71. Rxd6 Kg4 72. Rg2+ Kh3 73. Rf2 Kg3 74. Rc2 Ne1 75. Re2 Nf3 76. Rd3 Rbc7 77. Be5+ Kg4 78. Rg2+ Kh3 79. Rf2 Kg4 80. Bxc7 1-0

[Event "RUS-chT blitz"]
[Site "Sochi"]
[Date "2015.05.10"]
[Round "7.36"]
[White "Romanenkov, Aleksandr"]
[Black "Shumilina, Alexandra"]
[Result "1/2-1/2"]
[WhiteElo "2105"]
[BlackElo "2238"]
[PlyCount "104"]
[EventDate "2015.05.10"]
[EventType "team-swiss (blitz)"]
[EventRounds "11"]
[EventCountry "RUS"]
[SourceTitle "CBM 166 Extra"]
[Source "ChessBase"]
[SourceDate "2015.06.18"]
[SourceVersion "1"]
[SourceVersionDate "2015.06.18"]
[SourceQuality "1"]
[WhiteTeam "Smolensk Region VOS"]
[BlackTeam "Kstovo Volga"]
[WhiteTeamCountry "RUS"]
[BlackTeamCountry "RUS"]

1. c4 e5 2. Nc3 d6 3. g3 g6 4. Bg2 Bg7 5. d3 f5 6. e3 Nf6 7. Nge2 0-0 8. 0-0 Kh8 9. b4 c6 10. a4 d5 11. Bb2 Be6 12. c5 Nbd7 13. d4 e4 14. b5 a5 15. Qb3 Qe7 16. Rab1 Rfe8 17. Rfc1 Nxc5 18. dxc5 d4 19. Qa3 dxc3 20. Bxc3 Nd5 21. Bxg7+ Qxg7 22. Nd4 Nb4 23. Bf1 Bd5 24. Bc4 Bxc4 25. Rxc4 Qe5 26. bxc6 bxc6 27. Qc3 Kg8 28. Qc1 Qd5 29. Rcxb4 axb4 30. Rxb4 Reb8 31. Qc3 Rxb4 32. Qxb4 Qd7 33. Qc4+ Kg7 34. Ne6+ Kf6 35. Nd4 Ra5 36. h4 Qd5 37. Qb4 Qxc5 38. Qb8 Rxa4 39. Qd8+ Qe7 40. Qc8 Ra1+ 41. Kg2 c5 42. Qh8+ Qg7 43. Qd8+ Kf7 44. Qc7+ Kg8 45. Qxc5 Qf7 46. Qc8+ Kg7 47. Ne6+ Kf6 48. Ng5 Qe7 49. Qh8+ Qg7 50. Qd8+ Qe7 51. Qh8+ Qg7 52. Qd8+ Qe7 1/2-1/2

[Event "RUS-chT rapid"]
[Site "Sochi"]
[Date "2015.05.09"]
[Round "9.28"]
[White "Shumilina, Alexandra"]
[Black "Oganian, Miran"]
[Result "0-1"]
[WhiteElo "2238"]
[BlackElo "2371"]
[PlyCount "66"]
[EventDate "2015.05.08"]
[EventType "team-swiss"]
[EventRounds "9"]
[EventCountry "RUS"]
[SourceTitle "CBM 166 Extra"]
[Source "ChessBase"]
[SourceDate "2015.06.18"]
[SourceVersion "1"]
[SourceVersionDate "2015.06.18"]
[SourceQuality "1"]
[WhiteTeam "Kstovo Volga"]
[BlackTeam "Krasnodar region"]
[WhiteTeamCountry "RUS"]
[BlackTeamCountry "RUS"]

1. e4 c5 2. c3 Nf6 3. e5 Nd5 4. d4 cxd4 5. Qxd4 e6 6. Nf3 Nc6 7. Qe4 Nde7 8. g3 Qc7 9. Bg2 Ng6 10. Bf4 Nxf4 11. gxf4 g6 12. Nbd2 d5 13. Qe3 b6 14. 0-0 Bh6 15. Rfc1 0-0 16. c4 Qd7 17. cxd5 exd5 18. Nb3 Bb7 19. Nfd4 Nxd4 20. Nxd4 Qg4 21. Rc7 Rab8 22. Ne2 d4 23. Qg3 Qxe2 24. Bxb7 Qd2 25. Bd5 Bxf4 26. Qb3 Bxe5 27. Bxf7+ Kh8 28. Rd7 Qf4 29. Qd5 Qxh2+ 30. Kf1 Bg7 31. Re1 Qh3+ 32. Ke2 Rbc8 33. f3 Qg2+ 0-1

[Event "RUS-chT2"]
[Site "Sochi"]
[Date "2015.05.05"]
[Round "5.10"]
[White "Parfenov, Viktor N"]
[Black "Shumilina, Alexandra"]
[Result "1/2-1/2"]
[WhiteElo "2224"]
[BlackElo "2238"]
[PlyCount "97"]
[EventDate "2015.05.01"]
[EventType "team-swiss"]
[EventRounds "7"]
[EventCountry "RUS"]
[SourceTitle "CBM 166 Extra"]
[Source "ChessBase"]
[SourceDate "2015.06.18"]
[SourceVersion "1"]
[SourceVersionDate "2015.06.18"]
[SourceQuality "1"]
[WhiteTeam "Desnogorsk Atom"]
[BlackTeam "Kstovo Volga"]
[WhiteTeamCountry "RUS"]
[BlackTeamCountry "RUS"]

1. Nf3 d5 2. c4 c6 3. d4 Nf6 4. e3 a6 5. Bd3 b5 6. b3 Bg4 7. Nbd2 e6 8. Bb2 Nbd7 9. Qc2 Qb8 10. Ne5 Nxe5 11. dxe5 Nd7 12. cxd5 cxd5 13. 0-0 Bb4 14. Nf3 Bxf3 15. gxf3 g6 16. Rfc1 Bc5 17. a4 b4 18. Bd4 Bxd4 19. exd4 Qa7 20. Qb2 0-0 21. Rc6 Nb8 22. Rc2 f6 23. Rac1 a5 24. Rc7 Qb6 25. Qd2 Ra7 26. Rc8 Raf7 27. Bb5 Qb7 28. Rxf8+ Rxf8 29. Qf4 f5 30. Qg5 Kg7 31. Rc5 h6 32. Qc1 Rf7 33. Rc8 Na6 34. Bxa6 Qxa6 35. Qc6 Qxc6 36. Rxc6 Ra7 37. Rxe6 Rc7 38. Rd6 Rc3 39. Rxd5 Rxb3 40. Rxa5 Rd3 41. Rb5 Rxd4 42. a5 Rd1+ 43. Kg2 Ra1 44. f4 g5 45. Rb7+ Kg6 46. e6 Rxa5 47. Rxb4 Ra7 48. Rb6 Re7 49. fxg5 1/2-1/2

[Event "Moscow-chT GpA"]
[Site "Moscow"]
[Date "2013.10.01"]
[Round "7.4"]
[White "Shumilina, Alexandra"]
[Black "Reprintsev, Alexander"]
[Result "1/2-1/2"]
[WhiteElo "2285"]
[BlackElo "2338"]
[PlyCount "66"]
[EventDate "2013.09.21"]
[EventType "team-swiss"]
[EventRounds "7"]
[EventCountry "RUS"]
[SourceTitle "CBM 156 Extra"]
[Source "ChessBase"]
[SourceDate "2013.10.22"]
[SourceVersion "1"]
[SourceVersionDate "2013.10.22"]
[SourceQuality "1"]
[WhiteTeam "Orientation"]
[BlackTeam "Andrei Kalinichev"]
[WhiteTeamCountry "RUS"]
[BlackTeamCountry "RUS"]

1. e4 d5 2. exd5 Qxd5 3. Nc3 Qa5 4. d4 Nf6 5. Nf3 Nc6 6. Bd2 Bg4 7. Nb5 Qb6 8. c4 Bxf3 9. Qxf3 Nxd4 10. Nxd4 Qxd4 11. Qxb7 Qe4+ 12. Qxe4 Nxe4 13. Be3 e6 14. Bd3 Nc5 15. Bc2 a5 16. 0-0-0 Bd6 17. Bxc5 Bxc5 18. Ba4+ Kf8 19. Rd7 Bd6 20. Kb1 h5 21. c5 Bxc5 22. Rxc7 Bd6 23. Rd7 Be5 24. f4 Bf6 25. Rc1 Rb8 26. Rcc7 Kg8 27. Rxf7 Rxb2+ 28. Kc1 Rxg2 29. Bc2 Rg1+ 30. Kd2 Rg2+ 31. Kc1 Rg1+ 32. Kd2 Rg2+ 33. Kc1 Rg1+ 1/2-1/2

[Event "Moscow op-C (Women)"]
[Site "Moscow"]
[Date "2010.02.07"]
[Round "9.16"]
[White "Shumilina, Alexandra"]
[Black "Shulakova, Svetlana"]
[Result "0-1"]
[WhiteElo "2300"]
[BlackElo "2164"]
[PlyCount "122"]
[EventDate "2010.01.30"]
[EventType "swiss"]
[EventRounds "9"]
[EventCountry "RUS"]
[SourceTitle "EXT 2023"]
[Source "ChessBase"]
[SourceDate "2022.10.05"]
[SourceVersion "1"]
[SourceVersionDate "2022.10.05"]
[SourceQuality "1"]

1. d4 d5 2. c4 c6 3. Nf3 Nf6 4. e3 e6 5. b3 Nbd7 6. Bd3 Bd6 7. Bb2 b6 8. 0-0 Qc7 9. Nbd2 0-0 10. Rc1 Bb7 11. Qc2 Rfe8 12. Rfe1 Rad8 13. e4 dxe4 14. Nxe4 Nxe4 15. Bxe4 Nf6 16. c5 Bf4 17. Rcd1 Nxe4 18. Qxe4 Rd5 19. g3 Bg5 20. b4 Bf6 21. Bc1 Qd7 22. Bf4 bxc5 23. bxc5 Ba6 24. Be5 Bxe5 25. Nxe5 Qc7 26. f4 Red8 27. Nf3 h6 28. Qc2 Rb8 29. Rb1 Rdd8 30. Rxb8 Rxb8 31. Ne5 Qa5 32. Rc1 Qa3 33. Qc3 Qxa2 34. Ra1 Qe2 35. Qf3 Qc2 36. Qf2 Qc3 37. Rxa6 Rb1+ 38. Kg2 Rb2 39. Rxc6 Rxf2+ 40. Kxf2 Qxd4+ 41. Ke2 f6 42. Rc8+ Kh7 43. Nd3 e5 44. c6 e4 45. Ne1 Qc4+ 46. Ke3 a5 47. c7 f5 48. g4 Qc3+ 49. Ke2 a4 50. gxf5 a3 51. Ra8 Qxc7 52. Rxa3 Qc4+ 53. Kd2 Qb4+ 54. Rc3 Qd4+ 55. Kc2 Qf2+ 56. Kd1 Qxh2 57. Re3 Qxf4 58. Ke2 Qxf5 59. Ng2 h5 60. Ke1 Qg4 61. Kf2 h4 0-1

[Event "Moscow op (Women)"]
[Site "Moscow"]
[Date "2009.02.08"]
[Round "9"]
[White "Severiukhina, Zoja"]
[Black "Shumilina, Alexandra"]
[Result "1-0"]
[WhiteElo "2327"]
[BlackElo "2269"]
[PlyCount "143"]
[EventDate "2009.01.31"]
[EventType "swiss"]
[EventRounds "9"]
[EventCountry "RUS"]
[SourceTitle "EXT 2012"]
[Source "ChessBase"]
[SourceDate "2011.11.24"]
[SourceVersion "1"]
[SourceVersionDate "2011.11.24"]
[SourceQuality "1"]

1. e4 c5 2. Nf3 d6 3. d4 cxd4 4. Nxd4 Nf6 5. Nc3 a6 6. Be3 e5 7. Nb3 Be6 8. f3 Be7 9. Qd2 0-0 10. 0-0-0 Qc7 11. g4 Rc8 12. Qf2 Nbd7 13. Kb1 a5 14. g5 Nh5 15. Bb5 a4 16. Nxa4 Nc5 17. Naxc5 dxc5 18. c4 b6 19. a4 Nf4 20. h4 g6 21. Rd2 Qa7 22. Rhd1 Rc7 23. Bxf4 exf4 24. Qh2 Rcc8 25. Qxf4 Rd8 26. Qe5 Rxd2 27. Rxd2 Bf8 28. f4 Bg7 29. Qd6 Rc8 30. h5 Qb7 31. Qd3 f6 32. f5 Bf7 33. h6 Bf8 34. Ka2 gxf5 35. exf5 fxg5 36. f6 Bxh6 37. Rh2 Bg6 38. Qd7 Qxd7 39. Bxd7 Rd8 40. Be6+ Kf8 41. Rxh6 Rd6 42. Bd5 Rxf6 43. Rh1 h5 44. a5 bxa5 45. Nxc5 Kg7 46. Nb7 a4 47. c5 Rf5 48. Be4 Bf7+ 49. Ka3 Re5 50. Nd6 Rxc5 51. Kxa4 Bg6 52. b4 Bxe4 53. Nxe4 Re5 54. Rxh5 Rxe4 55. Rxg5+ Kf6 56. Rd5 Ke6 57. Rd1 Re2 58. Ka5 Ra2+ 59. Kb6 Ke7 60. b5 Rb2 61. Kc6 Rc2+ 62. Kb7 Rb2 63. b6 Ra2 64. Kc7 Rc2+ 65. Kb8 Rb2 66. b7 Ra2 67. Rd4 Ra1 68. Kc7 Rc1+ 69. Kb6 Rb1+ 70. Kc6 Ke6 71. Re4+ Kf6 72. Re8 1-0

[Event "Moscow op (Women)"]
[Site "Moscow"]
[Date "2009.02.06"]
[Round "7"]
[White "Vasilkova, Svetlana"]
[Black "Shumilina, Alexandra"]
[Result "1/2-1/2"]
[WhiteElo "2371"]
[BlackElo "2269"]
[PlyCount "152"]
[EventDate "2009.01.31"]
[EventType "swiss"]
[EventRounds "9"]
[EventCountry "RUS"]
[SourceTitle "EXT 2012"]
[Source "ChessBase"]
[SourceDate "2011.11.24"]
[SourceVersion "1"]
[SourceVersionDate "2011.11.24"]
[SourceQuality "1"]

1. e4 c5 2. Nf3 d6 3. d4 cxd4 4. Nxd4 Nf6 5. Nc3 a6 6. Be2 e5 7. Nb3 Be7 8. Bg5 Nbd7 9. a4 b6 10. Bc4 Qc7 11. Qe2 Bb7 12. 0-0 0-0 13. Rfd1 Rfc8 14. Nd2 h6 15. Bxf6 Nxf6 16. Bb3 Bc6 17. Nf1 Rab8 18. Qc4 Bf8 19. Qd3 b5 20. axb5 axb5 21. Ne3 b4 22. Ncd5 Bxd5 23. Nxd5 Nxd5 24. Qxd5 Qb7 25. Qd3 Rc7 26. Ra4 Qb5 27. Qf3 Qb6 28. g3 Ra7 29. Rxa7 Qxa7 30. Rd3 d5 31. Rxd5 Qe7 32. Rd3 Rb6 33. Qd1 Rf6 34. Kg2 Qc5 35. Rf3 Rxf3 36. Qxf3 Qc7 37. Qf5 Bd6 38. h4 Qe7 39. Bd5 Bc5 40. c3 bxc3 41. bxc3 Bd6 42. Kf3 Qf6 43. Qxf6 gxf6 44. h5 Kf8 45. Ke2 Ke7 46. c4 Ke8 47. Kf3 Bc5 48. Kg2 Bd6 49. f3 Ke7 50. Kh3 Bc5 51. Kg4 Bf2 52. f4 Bc5 53. Kf5 Bd6 54. Bb7 Bb8 55. c5 Bc7 56. Bd5 Bb8 57. fxe5 Bxe5 58. g4 Bc7 59. Bc4 Bb8 60. Bb5 Bc7 61. Bd3 Bb8 62. e5 Bxe5 63. Ke4 Bg3 64. Kd5 Kd7 65. Bb5+ Kc7 66. Be8 Bf4 67. Bxf7 Bg5 68. Be8 Bf4 69. Ke4 Bg5 70. Kf5 Be3 71. c6 Bg5 72. Bd7 Kd6 73. Kg6 Kc7 74. Be8 Kd6 75. Kf7 Kc7 76. Ke6 Bh4 1/2-1/2

[Event "Moscow op (Women)"]
[Site "Moscow"]
[Date "2009.02.05"]
[Round "6"]
[White "Shumilina, Alexandra"]
[Black "Baraeva, Marina"]
[Result "1-0"]
[WhiteElo "2269"]
[BlackElo "2009"]
[PlyCount "79"]
[EventDate "2009.01.31"]
[EventType "swiss"]
[EventRounds "9"]
[EventCountry "RUS"]
[SourceTitle "EXT 2012"]
[Source "ChessBase"]
[SourceDate "2011.11.24"]
[SourceVersion "1"]
[SourceVersionDate "2011.11.24"]
[SourceQuality "1"]

1. d4 d5 2. c4 c6 3. Nf3 Nf6 4. e3 Bg4 5. Be2 e6 6. 0-0 Nbd7 7. Nbd2 Bd6 8. b3 0-0 9. Bb2 Re8 10. Ne5 Bxe2 11. Qxe2 Rc8 12. Rfd1 Qe7 13. e4 dxe4 14. Nxe4 Nxe4 15. Qxe4 Nxe5 16. dxe5 Bc5 17. Rd3 Ba3 18. Bd4 Bc5 19. Rad1 Bxd4 20. Qxd4 c5 21. Qd7 Rc7 22. Qa4 Ra8 23. g3 a6 24. Rd7 Rxd7 25. Rxd7 Qg5 26. Qa5 h6 27. Qxc5 Qc1+ 28. Kg2 Qb1 29. Qd4 b5 30. c5 Rc8 31. h4 Qxa2 32. Rd8+ Rxd8 33. Qxd8+ Kh7 34. Qd3+ g6 35. c6 Qa5 36. Qd7 Qe1 37. Qxf7+ Kh8 38. c7 Qe4+ 39. Kh2 Qc6 40. Qf8+ 1-0

[Event "Moscow op (Women)"]
[Site "Moscow"]
[Date "2009.02.04"]
[Round "5"]
[White "Munguntuul, Batkhuyag"]
[Black "Shumilina, Alexandra"]
[Result "1-0"]
[WhiteElo "2425"]
[BlackElo "2269"]
[PlyCount "125"]
[EventDate "2009.01.31"]
[EventType "swiss"]
[EventRounds "9"]
[EventCountry "RUS"]
[SourceTitle "EXT 2012"]
[Source "ChessBase"]
[SourceDate "2011.11.24"]
[SourceVersion "1"]
[SourceVersionDate "2011.11.24"]
[SourceQuality "1"]

1. e4 c5 2. Nf3 d6 3. d4 cxd4 4. Nxd4 Nf6 5. Nc3 a6 6. Be3 e5 7. Nde2 Be7 8. Ng3 Be6 9. Be2 0-0 10. 0-0 Re8 11. Kh1 b5 12. f4 b4 13. Nd5 Bxd5 14. exd5 Nbd7 15. fxe5 Nxe5 16. Nf5 Nfd7 17. a3 a5 18. Bb5 Bf8 19. Bf4 Rb8 20. a4 g6 21. Nd4 Qc7 22. Bxe5 dxe5 23. Nc6 Ra8 24. Qf3 Nc5 25. Nxa5 e4 26. Qf6 Red8 27. Nc6 Rxd5 28. Bc4 Rd7 29. Ne5 Bg7 30. Bxf7+ Rxf7 31. Qxf7+ Qxf7 32. Nxf7 Bxb2 33. Rab1 Bc3 34. Nh6+ Kg7 35. Ng4 Bd2 36. Rf2 e3 37. Re2 Nxa4 38. Ra1 Nc3 39. Rxa8 Nxe2 40. Nxe3 Nd4 41. Re8 b3 42. cxb3 Nxb3 43. Re7+ Kf8 44. Nd5 h6 45. g3 Bg5 46. Ra7 Nd4 47. h4 Bd2 48. Kg2 Nf5 49. Kf2 h5 50. Ke2 Bh6 51. Kf3 Bd2 52. Nf4 Ne7 53. Nd3 Bc3 54. Rc7 Bf6 55. Nf4 Kf7 56. Nd5 Ke6 57. Nxf6 Kxf6 58. Ra7 Nf5 59. Kf4 Ng7 60. Ra6+ Ne6+ 61. Ke4 Kf7 62. Ke5 Nf8 63. Ra7+ 1-0